000 01463nam a2200301Ia 4500
999 _c5855
_d5855
003 OSt
005 20200401122032.0
008 191128s2010 ck gr 000 0 spa d
020 _a9789587163711
040 _aCO-JMCR
_cCO-JMCR
041 0 _aspa
082 0 4 _a320.9861 /
_bP293m
100 1 _aPastrana Buelvas, Eduardo,
_eeditor
_92361
245 1 0 _aMás allá de la seguridad democrática :
_bagenda hacia nuevos horizontes /
_ceditores Eduardo Pastrana Buelvas, Stefan Jost y Martha Lucía Márquez Restrepo
250 _aPrimera edición
260 _aBogotá :
_bPontificia Universidad Javeriana,
_c2010
300 _a535 páginas ;
_c25 cm.
504 _aBibliografía: páginas
505 0 _aLa agenda interna -- Los desafíos políticos -- Construyendo lo social -- Espacio y gobernabilidad del territorio -- La agenda internacional -- Cuestiones globales y regionales -- Retos geográficos
520 _aLa política de la seguridad democrática se ha convertido en los últimos años en el referente de la política colombiana. Sus éxitos se traducen fundamentalmente en la recuperación por parte del Estado del control del territorio.
650 1 4 _aDemocracia
_zColombia
_92362
650 1 4 _aPaz
_zColombia
_92363
650 1 4 _aReconciliación
_zColombia
_92364
650 1 4 _aConflicto armado
_zColombia
_92365
700 1 _aJost, Stefan,
_eeditor
_92366
700 1 _aMárquez Restrepo, Martha Lucía,
_eeditora
_92367
942 _2ddc
_cBK